| 000 | 00887nam a2200289 i 4500 | ||
|---|---|---|---|
| 001 | bgj | ||
| 245 | 0 | 0 |
_aSecret Corners of the World / _cprepared by the Special Publications Division National Geographic Society. |
| 250 | _a[2nd printing]. | ||
| 260 |
_aWashington D. C. : _bNational Geographic Society, _c1988. |
||
| 300 |
_a196, [3] pp : _bill. ; _c26 cm. |
||
| 504 | _aBibliography p. [197]. | ||
| 505 | _aIncludes index. | ||
| 650 | 9 | _aVoyages and travels | |
| 710 | p | 0 | _aSpecial Publications Division |National Geographic Society |
| 740 | 0 | 2 | _aThe Marquesas |
| 740 | 0 | 2 | _aNorthern Afganistan |
| 740 | 0 | 2 | _aTierra del Fuego |
| 740 | 0 | 2 | _aThe Santa Martas |
| 740 | 0 | 2 | _aThe Alpujarras |
| 740 | 0 | 2 | _aThe Ruwenzori |
| 020 | _a0870444123 | ||
| 040 | _cBPK | ||
| 041 | 0 | _aeng | |
| 920 | _a0-87044-412-3 | ||
| 942 | _cKS | ||
| 008 | s uk f |000 0 eng | ||
| 999 |
_c48605 _d48605 |
||
| 856 |
_uhttp://koha.tu.koszalin.pl/cgi-bin/koha/opac-detail.pl?biblionumber=48605 _yKatalog online BPK |
||